00901nam a22001217a 4500008004100000100002800041245006700069260004700136300003200183520044100215650007600656773004700732221228b ||||| |||| 00| 0 eng d aGoodsell, Charles True  aStrengthening American democracy through public administration aAmerican Review of Public Administration  a52(6), Aug, 2022: p.403-408 aAmerica's precious democratic form of government is under severe threat. An attempt to sabotage the fair election of a new president has been committed and could easily be reattempted. Meanwhile, a war is being fought that clarifies a global struggle between autocracy and democracy. Despite our field's reputation for political neutrality, its institutions can be used to strengthen our democracy against its opponents. – Reproduced  aAdministration, Democracy, Administrative agencies, election security.  aAmerican Review of Public Administration